Úvod do sociologie umění /

Salvato in:
Dettagli Bibliografici
Autore principale: Cigánek, Jan (Autore)
Natura: Libro
Lingua:ceco
Pubblicazione: Praha : Obelisk, nakladatelství umění a architektury, 1972
Edizione:1. vyd.
Soggetti:
Tags: Aggiungi Tag
Nessun Tag, puoi essere il primo ad aggiungerne!!

MARC

LEADER 00000nam a22000003a 4500
001 0107497
003 SK-STU
005 20240110124958.3
007 ta
008 240110s ----xo-----e------000-0-----d
040 |a STU  |b slo 
041 0 |a cze 
044 |a xr 
100 1 |a Cigánek, Jan  |4 aut 
245 1 0 |a Úvod do sociologie umění /  |c aut. Jan Cigánek 
250 |a 1. vyd. 
260 |a Praha :  |b Obelisk, nakladatelství umění a architektury,  |c 1972 
300 |a 304 s. ;  |b 34 čiernob. obr. 
650 0 7 |a sociológia 
650 0 7 |a výtvarné umenie 
650 0 7 |a architektúra 
650 0 7 |a metodológia 
996 |b 284AU09843  |c A* 13210/U  |l AAKNAR  |s A  |a 24  |w 0107497_0001